000 01717nam a2200517 i 4500
001 44866
003 KOSZ 005
005 20240405063147.0
008 031030s2003 pl |000 0 pol
015 _aUWD 2004/4345
020 _a8373342583
035 _a991021802469705066
035 _a(PL-WaBN)b15890387-48omnis_nlop
035 _ab15890387
035 _a(OCoLC)830527365
035 _azz2003926116
035 _a(PL)b0000001589038
035 _a(EXLNZ-48OMNIS_NETWORK)9910232587505606
040 _aWA N
_cWA N
_dKOSZ 005/HR
041 0 _apol
046 _k2003
080 _a347.2(438)
080 _a347.41/.43(438)
080 _a338.246"1944/1989"(438)
100 1 _aPessel, Ryszard
_eAutor
245 1 0 _aRekompensowanie skutków naruszeń prawa własności wynikających z aktów nacjonalizacyjnych /
_cRyszard Pessel.
260 _aWarszawa :
_bWydaw. Prawnicze "LexisNexis",
_c2003.
300 _a225, [1] s. ;
_c21 cm.
336 _aTekst
_btxt
_2rdacontent
337 _aBez urządzenia pośredniczącego
_bn
_2rdamedia
338 _aWolumin
_bnc
_2rdacarrier
380 _aKsiążki
388 _a2001-
504 _aBibliogr., wykaz aktów prawnych.
648 7 _a1901-2000
_2DBN
648 7 _a1945-1989
_2DBN
650 7 _aRestytucja (prawo)
_2DBN
650 7 _aUpaństwowienie
_2DBN
650 7 _aPrawo własności
_2DBN
651 _aPolska
658 _aPrawo i wymiar sprawiedliwości
710 2 _aWydawnictwo Prawnicze LexisNexis
_4pbl
856 _uhttp://koha.tu.koszalin.pl/cgi-bin/koha/opac-detail.pl?biblionumber=44866
_yKatalog online BPK
942 _2UKD
_cKS
999 _c44866
_d44866